[Event "ESP-ch Seniors 65"]
[Site "Altea"]
[Date "2021.11.03"]
[Round "5"]
[White "Serrano Marhuenda, Salvador"]
[Black "Peschardt, Soren"]
[Result "1/2-1/2"]
[WhiteElo "1931"]
[BlackElo "1946"]
[PlyCount "86"]
[EventDate "2021.10.31"]
[EventType "swiss"]
[EventRounds "9"]
[EventCountry "ESP"]
[SourceTitle "CBM 205 Extra"]
[Source "ChessBase"]
[SourceDate "2022.01.31"]
[SourceVersion "1"]
[SourceVersionDate "2022.01.31"]
[SourceQuality "1"]

1. e4 c5 2. Nc3 Nc6 3. g3 g6 4. Bg2 Bg7 5. d3 d6 6. f4 e6 7. Nh3 Nge7 8. 0-0 0-0 9. g4 f5 10. gxf5 exf5 11. Nd5 Rb8 12. c3 b5 13. a3 Nxd5 14. exd5 Ne7 15. Re1 h6 16. Bd2 Kh7 17. Rb1 Ng8 18. Qf3 Rb7 19. Re2 Re8 20. Rbe1 Rbe7 21. Rxe7 Rxe7 22. b4 Rxe1+ 23. Bxe1 cxb4 24. axb4 Qe7 25. Bd2 Nf6 26. Nf2 Bb7 27. c4 Qc7 28. Qe2 Ba6 29. Bf1 bxc4 30. dxc4 Nh5 31. b5 Bc8 32. Qe8 Bd4 33. Kg2 Nf6 34. Qc6 Qxc6 35. dxc6 Bxf2 36. Kxf2 Ne4+ 37. Ke3 Nxd2 38. Kxd2 g5 39. Ke3 Kg7 40. Bg2 Kf6 41. Bd5 Ke7 42. Kf3 Kf6 43. Ke3 Ke7 1/2-1/2

[Event "ESP-ch Seniors 65"]
[Site "Altea"]
[Date "2021.11.01"]
[Round "3"]
[White "Peschardt, Soren"]
[Black "Quinonero Simon, Jose B"]
[Result "0-1"]
[WhiteElo "1946"]
[BlackElo "2027"]
[PlyCount "80"]
[EventDate "2021.10.31"]
[EventType "swiss"]
[EventRounds "9"]
[EventCountry "ESP"]
[SourceTitle "CBM 205 Extra"]
[Source "ChessBase"]
[SourceDate "2022.01.31"]
[SourceVersion "1"]
[SourceVersionDate "2022.01.31"]
[SourceQuality "1"]

1. d4 Nf6 2. Bf4 d5 3. Nf3 c5 4. e3 Nc6 5. Nbd2 g6 6. dxc5 Bg7 7. c3 a5 8. Bb5 0-0 9. 0-0 Nd7 10. Nd4 e5 11. Nxc6 bxc6 12. Bxc6 Rb8 13. Bxd7 Qxd7 14. Bg3 Ba6 15. Re1 Rxb2 16. Qc1 Rbb8 17. c4 Rbc8 18. Qa3 Bxc4 19. Nxc4 dxc4 20. Qxa5 Qc6 21. Rac1 Qxc5 22. Qxc5 Rxc5 23. Rc2 Rd8 24. e4 c3 25. f3 Bh6 26. Bf2 Rcc8 27. Kf1 Rb8 28. Ree2 Bd2 29. Be1 Rb2 30. Rxc3 Bxc3 31. Bxc3 Rxe2 32. Kxe2 Ra8 33. Bxe5 Rxa2+ 34. Kf1 h5 35. h4 Kf8 36. Bf6 Ke8 37. e5 Kd7 38. g4 Ke6 39. Kg1 hxg4 40. fxg4 Ra4 0-1

[Event "ESP-ch Seniors 65"]
[Site "Altea"]
[Date "2021.11.01"]
[Round "2"]
[White "Suba, Mihai"]
[Black "Peschardt, Soren"]
[Result "0-1"]
[WhiteElo "2119"]
[BlackElo "1946"]
[PlyCount "140"]
[EventDate "2021.10.31"]
[EventType "swiss"]
[EventRounds "9"]
[EventCountry "ESP"]
[SourceTitle "CBM 205 Extra"]
[Source "ChessBase"]
[SourceDate "2022.01.31"]
[SourceVersion "1"]
[SourceVersionDate "2022.01.31"]
[SourceQuality "1"]

1. Nf3 f5 2. d4 Nf6 3. g3 g6 4. Bg2 Bg7 5. 0-0 0-0 6. c4 d6 7. Nc3 Nc6 8. d5 Na5 9. Nd2 c5 10. Rb1 Rb8 11. a3 Ng4 12. Qc2 Ne5 13. Nd1 b5 14. cxb5 Rxb5 15. f4 Ng4 16. h3 Nf6 17. Nc3 Rb8 18. b4 cxb4 19. axb4 Nb7 20. Nc4 Bd7 21. Qd3 Rc8 22. Bd2 Nh5 23. Na3 Qb6+ 24. Kh2 Qd4 25. Qxd4 Bxd4 26. Rbc1 a5 27. bxa5 Nxa5 28. Ncb5 Nb3 29. Nxd4 Nxd4 30. e3 Ne2 31. Rb1 Nexg3 32. Rfe1 Ne4 33. Bxe4 fxe4 34. Rb7 Nf6 35. Reb1 Kf7 36. R1b3 Rfe8 37. Bc3 Nxd5 38. Rxd7 Rxc3 39. Rxc3 Nxc3 40. Rb7 Nd5 41. Nc4 Ke6 42. Ra7 Rc8 43. Ra4 Nc3 44. Rb4 Nd1 45. Kg3 Rc6 46. Na5 Rc5 47. Rxe4+ Kf5 48. Rxe7 Rxa5 49. e4+ Kf6 50. Rxh7 Ra3+ 51. Kg2 Re3 52. Rd7 Ke6 53. Rg7 Rxe4 54. Rxg6+ Kd5 55. Kf3 Re3+ 56. Kg2 Re6 57. f5 Ne3+ 58. Kf3 Nxf5 59. Rg5 Re5 60. Kf4 Nd4 61. Rg8 Ne6+ 62. Kf3 Rf5+ 63. Kg4 Rf7 64. Ra8 Ke5 65. h4 d5 66. h5 d4 67. h6 d3 68. Ra1 Kd4 69. Kh5 Nf4+ 70. Kg5 d2 0-1

[Event "Conil op 1st"]
[Site "Conil de la Frontera"]
[Date "2021.07.16"]
[Round "2"]
[White "Peschardt, Soren"]
[Black "Bermudez Ureba, Juan Diego"]
[Result "0-1"]
[WhiteElo "1975"]
[BlackElo "2191"]
[PlyCount "65"]
[EventDate "2021.07.15"]
[EventType "swiss"]
[EventRounds "7"]
[EventCountry "ESP"]
[SourceTitle "CBM 203 Extra"]
[Source "ChessBase"]
[SourceDate "2021.09.30"]
[SourceVersion "1"]
[SourceVersionDate "2021.09.30"]
[SourceQuality "1"]

1. d4 Nf6 2. Bf4 e6 3. e3 b6 4. Nf3 Bb7 5. Bd3 c5 6. c3 cxd4 7. exd4 Be7 8. Nbd2 Nh5 9. Bg3 d6 10. Qe2 Nd7 11. Ne4 Nxg3 12. hxg3 a6 13. 0-0-0 b5 14. Kb1 Rc8 15. g4 Nb6 16. g5 Na4 17. g6 fxg6 18. Neg5 Bxg5 19. Qxe6+ Kf8 20. Bxg6 Qf6 21. Nxg5 Qxe6 22. Nxe6+ Ke7 23. Bf5 Kf6 24. Bh3 Be4+ 25. Ka1 b4 26. c4 Bc2 27. Rc1 b3 28. c5 dxc5 29. Nxc5 Nxc5 30. Bxc8 Nd3 31. Bxa6 Nxc1 32. Rxc1 Ra8 33. Bb7 0-1

[Event "Utrera op 14th"]
[Site "Utrera"]
[Date "2016.07.14"]
[Round "3.2"]
[White "Peschardt, Soren"]
[Black "Starostits, Ilmars"]
[Result "0-1"]
[WhiteElo "2019"]
[BlackElo "2443"]
[PlyCount "50"]
[EventDate "2016.07.12"]
[EventType "swiss"]
[EventRounds "9"]
[EventCountry "ESP"]
[SourceTitle "EXT 2024"]
[Source "ChessBase"]
[SourceDate "2023.10.10"]
[SourceVersion "1"]
[SourceVersionDate "2023.10.10"]
[SourceQuality "1"]

1. d4 Nf6 2. Nf3 b6 3. g3 Bb7 4. Bg2 g6 5. 0-0 Bg7 6. c4 c5 7. Nc3 cxd4 8. Nxd4 Bxg2 9. Kxg2 0-0 10. e4 d6 11. Be3 Qc8 12. Rc1 Re8 13. h3 Qb7 14. f3 Nbd7 15. Qd2 a6 16. Bh6 Bxh6 17. Qxh6 Ne5 18. Nd5 b5 19. Nf4 bxc4 20. Rc2 e6 21. h4 Nfg4 22. fxg4 Qxe4+ 23. Kh3 Qxd4 24. Rcf2 f5 25. gxf5 exf5 0-1